| 000 | 00000nam##2200000za#4500 |
| 001 | 9.578801 |
| 003 | CaOODSP |
| 005 | 20210624190246 |
| 007 | cr ||||||||||| |
| 008 | 150406|2006||||xxc|||||o f|0| 0 eng|d |
| 040 | |aCaOODSP|beng |
| 043 | |an-cn--- |
| 086 | 1 |aFs3-6/2006-03E-PDF |
| 110 | 1 |aCanada. |bDepartment of Fisheries and Oceans. |
| 245 | 10|aGeorges Bank yellowtail flounder [5Zhjmn; 522,525,551,552,561,562] |h[electronic resource] |
| 260 | |aOttawa - Ontario : |bFisheries and Oceans Canada |cJuly 2006. |
| 300 | |a7p.|bgraphs, map, references, table |
| 490 | 1 |aTransboundary Resource Assessment Committee status report |v2006/03 |
| 590 | |a14-12-Supp|b2014-05-30 |
| 775 | 08|tLimande à queue jaune du banc Georges [5Zhjmn; 522,525,551,552,561,562] |w(CaOODSP)9.606578 |
| 830 | #0|aTransboundary Resource Assessment Committee status report ;|v2006/03|w(CaOODSP)9.507743 |
| 856 | 40|ahttp://publications.gc.ca|qPDF|s94 KB|uhttps://publications.gc.ca/collections/collection_2014/mpo-dfo/Fs3-6-2006-03-eng.pdf|y2006/03 |